Public Private Partnership in primary health care : (Record no. 509678)

000 -LEADER
fixed length control field 00621nam a22001457a 4500
082 ## - DEWEY DECIMAL CLASSIFICATION NUMBER
Classification number APPPA 2018-19\MAY
100 ## - MAIN ENTRY--PERSONAL NAME
Personal name Mayaram, Archana
9 (RLIN) 5794
245 ## - TITLE STATEMENT
Title Public Private Partnership in primary health care :
Remainder of title A case study of PPPS in primary health centres in Rajasthan
Statement of responsibility, etc by Archana Mayaram
260 ## - PUBLICATION, DISTRIBUTION, ETC. (IMPRINT)
Place of publication, distribution, etc New Delhi
Name of publisher, distributor, etc Indian Institute of Public Administration
Date of publication, distribution, etc 2019
300 ## - PHYSICAL DESCRIPTION
Extent 60p.
500 ## - GENERAL NOTE
General note APPPA Dissertation, 2018-19 (Guide: Dr. Neetu Jain)
650 ## - SUBJECT ADDED ENTRY--TOPICAL TERM
Topical term or geographic name as entry element Poor -- Medical care -- India -- Rajasthan
9 (RLIN) 6334
650 ## - SUBJECT ADDED ENTRY--TOPICAL TERM
Topical term or geographic name as entry element Public-private sector cooperation -- India.
9 (RLIN) 6335
650 ## - SUBJECT ADDED ENTRY--TOPICAL TERM
Topical term or geographic name as entry element Medical policy -- India.
9 (RLIN) 6336
Holdings
Withdrawn status Lost status Source of classification or shelving scheme Damaged status Koha normalized classification for sorting Not for loan Permanent location Current location Date acquired Total Checkouts Full call number Barcode Date last seen Date last borrowed Price effective from Koha item type
        APPPA_201819MAY   Indian Institute of Public Administration Indian Institute of Public Administration 2019-05-17 1 APPPA 2018-19\MAY GR21093 2023-03-21 2020-03-13 2019-05-17 GR

Powered by Koha